000 00302nam a2200121Ia 4500
008 211105s9999 xx 000 0 und d
020 _aVYASA12732
100 _aK P Jog
245 0 _aSuresvaraS Vartika Onmadhu Brahmana
250 _a1st
260 _bMotilal Banarsidass Publishers
_c\N
300 _a694
999 _c11094
_d11094